00383nam a2200157Ia 4500008004100000020001500041084001500056100001900071245003200090250002000122260001500142260000900157260001400166300001000180500003500190180424s9999 xx 000 0 und d a9971514281 a510.78 D75 a"Dennis, Alan" 0aSystems Analysis and Design a\\200200ENGGPCX aJohn Wiley b2002 cSingapore a516p. aincludes index and biblioraphy